00628nam a2200193Ia 4500008004100000020001800041082001500059100002200074245004000096250000800136260004100144300002400185500001900209600003300228650001600261942000700277952013300284999001700417240925s9999 xx 000 0 und d a9781119293637 a510.76 ZEG aZegarelli, Mark. 0aBasic Math Pre- Algebra for dummies a2nd aNew York:bJohn Wiley & Sonsc,2014. a614p.bNAfOriginal aIncludes Index aHumanities & Natural Science aMathematics cBK 001040708HUMaUITUbUITUd2018-12-18eBismillah BookDepotg796.00l0o510.76 ZEGpQ12299r2024-09-25 07:16:24w2024-09-25yBK c14798d14798